000 01218cam a22002894a 4500
001 13321533
003 CEME
005 20210628201531.0
008 030822s2004 enka b 001 0 eng
010 _a 2003060976
020 _a0198562454
040 _aDLC
_cDLC
_dDLC
042 _apcc
050 0 0 _aTJ211
_b.H848 2004
082 0 0 _a629.8/92
_222
100 1 _aDavidson, Joseph K. HUNT, K. H
_955693
245 1 0 _aRobots and SCREW theory :applications of kinematics and statics to robotics
_bapplications of kinematics and statics to robotics /
_cJoseph K. Davidson and Kenneth H. Hunt.
260 _aOxford ;
_aNew York :
_bOxford University Press,
_c2004.
300 _axvii, 458 p. :
_bill. ;
_c25 cm.
504 _aIncludes bibliographical references p. [436]-447) and index.
650 0 _aRobotics.
_92585
700 1 _aHunt, K. H.
_q(Kenneth Henderson)
_955694
856 4 2 _3Publisher description
_uhttp://www.loc.gov/catdir/enhancements/fy0615/2003060976-d.html
856 4 1 _3Table of contents only
_uhttp://www.loc.gov/catdir/enhancements/fy0615/2003060976-t.html
856 4 2 _3Contributor biographical information
_uhttp://www.loc.gov/catdir/enhancements/fy0723/2003060976-b.html
942 _2ddc
_cBK
999 _c566436
_d566436